Pays ayant accueilli le trophée des Champions - Statistiques

Statistiques générales
  • Ce quiz a été pris 82 fois
  • Le résultat moyen est 7 sur 11
Statistiques - réponses
Nombre de fois (année) Pays % Correct
34 France
99%
1 (2024) Qatar
91%
1 (2012) Etats-Unis
83%
3 (2014, 2018, 2019) Chine
80%
2 (2011,2017) Maroc
74%
2 (2009, 2015) Canada
67%
1 (2025) Koweït
67%
1 (2010) Tunisie
52%
2 (2021, 2022) Israël
41%
1 (2013) Gabon
16%
1 (2016) Autriche
14%
Aucun quiz correspondant
Distribution des résultats
% des personnes avec chaque résultat
Percentile par nombre de réponses
Votre historique - résultats
Vous n’avez pas pris ce quiz